| 000 -ლიდერი |
| ფიქსირებული სიგრძის საკონტროლო ველი |
00946nam a2200253Ia 4500 |
| 001 - საკონტროლო ნომერი |
| საკონტროლო ველი |
3909 |
| 003 - საკონტროლო ნომრის იდენტიფიკატორი |
| საკონტროლო ველი |
GE_BSU |
| 005 - ბოლო ოპერაციის თარიღი და დრო |
| საკონტროლო ველი |
20190906164954.0 |
| 008 - ფიქსირებული სიგრძის მონაცემთა ელემენტები - ზოგადი ინფორმაცია |
| ფიქსირებული სიგრძის საკონტროლო ველი |
181216s1970||||ge |||||||||||||| ||geo|| |
| 040 ## - კატალოგიზაციის წყარო |
| Transcribing agency |
GE_BSU |
| 041 ## - ენის კოდი |
| Language code of text/sound track or separate title |
geo |
| 080 ## - უნივერსალური ათობითი კლასიფიკაციის ინდექსი |
| Universal Decimal Classification number |
1(092)+7(092) ჩ–96 |
| 100 ## - მთავარი ჩანაწერი - პიროვნების სახელი |
| Personal name |
ჩხარტიშვილი, ა. |
| 9 (RLIN) |
3917 |
| 245 ## - ცნობა სათაურის შესახებ |
| Title |
გ. ვ. პლეხანოვის ესთეტიკური შეხედულებანი / |
| Statement of responsibility, etc |
რედ. ბ. თავაძე |
| 264 ## - წარმოების, გამოცემის, დისტრიბუციის და სხვა ცნობები |
| გამოცემის, წარმოების, დისტრიბუციის... ადგილი |
თბ. : |
| გამოცემის, წარმოების, დისტრიბუციის... სახელწოდება |
საბჭ. საქართველო, |
| გამოცემის, წარმოების, დისტრიბუციის... თარიღი |
1970. |
| 300 ## - ფიზიკური აღწერა |
| Extent |
245 გვ. ; |
| Other physical details |
21 სმ. |
| 500 ## - ზოგადი შენიშვნა |
| General note |
შენიშვნები: 228-244. |
| 600 ## - SUBJECT ADDED ENTRY--PERSONAL NAME |
| Personal name |
პლეხანოვი გ.ვ. |
| 9 (RLIN) |
3918 |
| 653 ## - INDEX TERM--UNCONTROLLED |
| Uncontrolled term |
პლეხანოვი, გ.ვ. |
| 653 ## - INDEX TERM--UNCONTROLLED |
| Uncontrolled term |
ესთეტიკა |
| 700 ## - ADDED ENTRY--PERSONAL NAME |
| Personal name |
თავაძე, ბ. |
| Relator term |
რედაქტორი |
| 9 (RLIN) |
3919 |
| 942 ## - ADDED ENTRY ELEMENTS (KOHA) |
| Koha item type |
წიგნი |
| Source of classification or shelving scheme |
|